000 00799nam a2200253Ia 4500
003 OSt
005 20220926022341.0
006 a|||||r|||| 00| 0
007 ta
008 220923b |||||||| |||| 00| 0 eng d
037 _cGeneral Book
040 _aRTL
_cRTL
_beng
041 _2eng
_aeng
082 _aU:(G:55).582.N9, P0
110 _aUnited Naitons Economic Commission for Europe
_9326311
245 0 _aEnvironment performance reviews
_bUkraine
260 _aNew York
_bUnited Nations U S A
_c2000
300 _axv,231p. Bib p.227-31
_ccm.
500 _aFloppy included
650 _aGeography- Environment
_9229896
700 _aUnited Naitons Economic Commission for Europe
_9326312
942 _hU:(G:55).582.N9, P0
_cGB
_2CC
999 _c639253
_d639253